[Event "Frankfurt Ch 2013"]
[Site "Ffm-Kalbach, LAZ"]
[Date "2013.05.06"]
[Round "2.23"]
[White "Kuban, Günther"]
[Black "Fröhlich-Dill, Astrid"]
[Result "1-0"]
[WhiteElo "2003"]
[BlackElo "1816"]
[PlyCount "98"]
[EventDate "2013.??.??"]
[WhiteTeam "SV Oberursel"]
[BlackTeam "SV 1920 Hofheim"]

1. Nf3 Nf6 2. g3 Nc6 3. Bg2 e6 4. O-O d5 5. c3 Bd6 6. d4 b5 7. Nbd2 O-O 8. Re1
Bb7 9. e4 dxe4 10. Ng5 e3 11. fxe3 h6 12. Nge4 Nxe4 13. Nxe4 Be7 14. Qe2 a6 15.
a4 f5 16. Nf2 bxa4 17. e4 Qd7 18. exf5 e5 19. dxe5 Qxf5 20. Rxa4 Kh8 21. Bh3
Qf7 22. Rf4 Qd5 23. Qc4 Qd8 24. b4 Qe8 25. Bg2 Rb8 26. Nd3 Nd8 27. Bxb7 Rxb7
28. Qxa6 Rb6 29. Qc8 Rxf4 30. Bxf4 Qc6 31. Nc5 Kh7 32. Qf5+ Kg8 33. Be3 Rb8 34.
Qe4 Qxe4 35. Nxe4 Nf7 36. Bd4 Ra8 37. Re2 Ra1+ 38. Kg2 Nd8 39. h4 Nb7 40. Be3
Kf7 41. Kf2 Ra3 42. Rd2 Ke8 43. Rd5 Ra2+ 44. Kf3 Ra1 45. Bc5 Nxc5 46. Nxc5 Rf1+
47. Ke4 g6 48. Ne6 c6 49. Rd3 Re1+ 1-0

[Event "Frankfurt Ch 2013"]
[Site "Ffm-Kalbach, LAZ"]
[Date "2013.05.06"]
[Round "2.24"]
[White "Mager, Denis"]
[Black "Stock, Jürgen"]
[Result "1-0"]
[WhiteElo "1991"]
[BlackElo "1799"]
[PlyCount "107"]
[EventDate "2013.??.??"]
[WhiteTeam "TuS Makkabi Ffm"]
[BlackTeam "SC Eschborn 1974"]

1. d4 e6 2. Nf3 f5 3. g3 Nf6 4. Bg2 d5 5. O-O Bd6 6. c4 c6 7. Nc3 O-O 8. Qc2
Qe8 9. Rb1 Nbd7 10. b4 Qh5 11. b5 f4 12. bxc6 bxc6 13. cxd5 fxg3 14. fxg3 Ng4
15. Ne4 Qxd5 16. Nxd6 Qxd6 17. h3 Ngf6 18. Bf4 Qd5 19. Ng5 Qxd4+ 20. e3 Qc5 21.
Qxc5 Nxc5 22. Bxc6 Ba6 23. Rfc1 Nd3 24. Bxa8 Nxc1 25. Rxc1 Rxa8 26. Nxe6 Rc8
27. Rd1 Bc4 28. Nd4 Bxa2 29. Ra1 Bd5 30. Rxa7 Rc1+ 31. Kf2 Ne4+ 32. Ke2 Rh1 33.
h4 Rh2+ 34. Kd1 Nc3+ 35. Kc1 Na2+ 36. Kb1 Be4+ 37. Ka1 Nb4 38. Ne6 Rh1+ 39. Kb2
Rb1+ 40. Kc3 Bb7 41. Nc5 Nd5+ 42. Kd4 Bc6 43. Ne6 Bb7 44. Rxb7 Rxb7 45. Kxd5
Rd7+ 46. Bd6 Kf7 47. e4 g6 48. e5 h6 49. Nc5 Ra7 50. e6+ Ke8 51. Ne4 Ra5+ 52.
Bc5 g5 53. Nf6+ Kd8 54. e7+ 1-0

[Event "Frankfurt Ch 2013"]
[Site "Ffm-Kalbach, LAZ"]
[Date "2013.05.06"]
[Round "2.25"]
[White "Czech, Ludwig"]
[Black "Plattner, Rolf"]
[Result "1/2-1/2"]
[WhiteElo "1979"]
[BlackElo "1703"]
[PlyCount "76"]
[EventDate "2013.??.??"]
[WhiteTeam "VSG 1880 Offenbach"]
[BlackTeam "SK Langen"]

1. c4 Nf6 2. g3 g6 3. Bg2 Bg7 4. Nc3 O-O 5. Nf3 d6 6. O-O e5 7. d3 Nc6 8. Rb1
a5 9. a3 Ne7 10. Bd2 c6 11. Qc1 Nh5 12. Bh6 Bxh6 13. Qxh6 Nf5 14. Qd2 Nf6 15.
e4 Ne7 16. d4 Nd7 17. dxe5 Nxe5 18. b3 Nxf3+ 19. Bxf3 Bh3 20. Rfd1 Nc8 21. e5
Qe7 22. exd6 Qf6 23. Bg2 Bxg2 24. Kxg2 Nxd6 25. Qxd6 Qxc3 26. Qd4 Qc2 27. Rb2
Qf5 28. Rbd2 Rfe8 29. Qh4 h5 30. Rd8 Raxd8 31. Rxd8 Qe6 32. Qd4 Rxd8 33. Qxd8+
Kg7 34. Qxa5 Qe4+ 35. Kh3 Qg4+ 36. Kg2 Qe4+ 37. Kh3 Qg4+ 38. Kg2 Qe4+ 1/2-1/2

[Event "Frankfurt Ch 2013"]
[Site "Ffm-Kalbach, LAZ"]
[Date "2013.05.06"]
[Round "2.26"]
[White "Tierling, Detlef"]
[Black "Popp, Matthias"]
[Result "1-0"]
[WhiteElo "1941"]
[BlackElo "1514"]
[PlyCount "69"]
[EventDate "2013.??.??"]
[WhiteTeam "SC Groß-Umstadt"]
[BlackTeam "SC Bergen-Enkheim 1922"]

1. e4 g6 2. g3 Bg7 3. Bg2 c6 4. c4 d6 5. Nc3 Nf6 6. Qc2 O-O 7. Nge2 Nbd7 8. b3
Nc5 9. d4 Ne6 10. Bb2 Ng4 11. Rd1 f5 12. h3 Nh6 13. f4 Qc7 14. e5 Bd7 15. d5
Nc5 16. e6 Nxe6 17. dxe6 Bxe6 18. O-O Rad8 19. Kh2 Bc8 20. Na4 Nf7 21. Bxg7
Kxg7 22. Nb2 e5 23. Qc3 Kg8 24. Nd3 e4 25. Nb4 Qb6 26. Nd4 Qa5 27. Ndc2 c5 28.
Nd5 Qxc3 29. Nxc3 Be6 30. Ne3 Rd7 31. Rd2 a6 32. h4 Kg7 33. Rfd1 Rfd8 34. Bh3
h5 35. Nxe4 1-0

[Event "Frankfurt Ch 2013"]
[Site "Ffm-Kalbach, LAZ"]
[Date "2013.05.06"]
[Round "2.28"]
[White "Maier, Martin"]
[Black "Crnjac, Zdravko"]
[Result "1-0"]
[WhiteElo "2046"]
[BlackElo "1478"]
[PlyCount "83"]
[EventDate "2013.??.??"]
[WhiteTeam "SK Salzgitter-Bad"]
[BlackTeam "TSG Nieder-Erlenbach 1888"]

1. Nf3 Nc6 2. d4 d5 3. e3 a6 4. c4 Nf6 5. Nc3 Ne4 6. Nxd5 Bg4 7. Be2 e6 8. Nc3
Bb4 9. Bd2 f5 10. O-O Rb8 11. Ne1 Nxd2 12. Qxd2 Qg5 13. Bxg4 Qxg4 14. Nd3 Bxc3
15. Qxc3 Rd8 16. Nc5 Kf7 17. f3 Qg6 18. Nxb7 Rb8 19. Nc5 Rhd8 20. Rad1 Nb4 21.
a3 Nc6 22. Nxa6 Rb7 23. Nc5 Rb6 24. d5 exd5 25. Rxd5 Rdb8 26. b4 Kg8 27. Nd7 f4
28. Nxb6 Rxb6 29. b5 Ne7 30. Rd8+ Kf7 31. c5 Re6 32. e4 h5 33. Qd2 Qg5 34. Rd5
Nxd5 35. Qxd5 Qg6 36. Rd1 h4 37. Qf5+ Qxf5 38. exf5 Re7 39. b6 cxb6 40. cxb6
Kf6 41. Rb1 Rb7 42. a4 1-0

[Event "Frankfurt Ch 2013"]
[Site "Ffm-Kalbach, LAZ"]
[Date "2013.05.06"]
[Round "2.29"]
[White "Sandten, Ulrich"]
[Black "Liebske, Reiner"]
[Result "1-0"]
[WhiteElo "2024"]
[BlackElo "1671"]
[PlyCount "47"]
[EventDate "2013.??.??"]
[WhiteTeam "SF Vonkeln 1931"]
[BlackTeam "SV Frankfurt Nord 1926"]

1. e4 c5 2. Nf3 d6 3. g3 Nf6 4. Qe2 Nc6 5. Bg2 Qc7 6. c3 g6 7. O-O Bg7 8. h3
O-O 9. d4 b6 10. Na3 a6 11. Rd1 Bb7 12. e5 dxe5 13. dxe5 Nd7 14. e6 Nf6 15.
exf7+ Rxf7 16. Ng5 e5 17. Nxf7 Qxf7 18. Nc4 Qc7 19. Nd6 Rd8 20. Nxb7 Rxd1+ 21.
Qxd1 Qxb7 22. Qd6 e4 23. Bg5 Kf7 24. Bxf6 1-0

[Event "Frankfurt Ch 2013"]
[Site "Ffm-Kalbach, LAZ"]
[Date "2013.05.06"]
[Round "2.31"]
[White "Ortinau, Peter"]
[Black "Imelmann, Esther"]
[Result "1-0"]
[WhiteElo "2022"]
[BlackElo "1640"]
[PlyCount "75"]
[EventDate "2013.??.??"]
[WhiteTeam "SC Pirmasens 1912"]
[BlackTeam "SC 1961 König Nied"]

1. d4 d5 2. c4 e6 3. Nc3 Nf6 4. Bg5 Be7 5. e3 c6 6. Nf3 Nbd7 7. Rc1 O-O 8. Bd3
dxc4 9. Bxc4 b5 10. Bd3 a6 11. O-O c5 12. Qe2 cxd4 13. exd4 Bb7 14. Rfd1 Rc8
15. a3 Nb6 16. Ne5 Nbd5 17. Ne4 Qb6 18. Bxf6 Nxf6 19. Nxf6+ Bxf6 20. Nd7 Qd8
21. Nxf8 Qxf8 22. Rxc8 Qxc8 23. Qc2 Qxc2 24. Bxc2 Bd5 25. f3 g6 26. Kf2 Kf8 27.
Ke3 Ke7 28. Be4 Bc4 29. Bd3 Bb3 30. Rc1 e5 31. Rc6 exd4+ 32. Ke2 Bg5 33. g3 Be3
34. Rxa6 Bc1 35. Rb6 Bxb2 36. Rxb5 Bd1+ 37. Kxd1 Bxa3 38. Rb7+ 1-0

[Event "Frankfurt Ch 2013"]
[Site "Ffm-Kalbach, LAZ"]
[Date "2013.05.06"]
[Round "2.32"]
[White "Orwatsch, Gerhard"]
[Black "Mühlbach, Christian"]
[Result "1-0"]
[WhiteElo "1969"]
[BlackElo "1634"]
[PlyCount "65"]
[EventDate "2013.??.??"]
[WhiteTeam "SC Butzbach 2000"]
[BlackTeam "SK Langen"]

1. d4 d5 2. Bf4 Nf6 3. e3 Nbd7 4. Nd2 g6 5. Be2 Bg7 6. c3 a5 7. a4 O-O 8. Ngf3
Nh5 9. Bg5 c5 10. Qb3 c4 11. Qc2 Qe8 12. b3 cxb3 13. Qxb3 e6 14. c4 Nhf6 15.
O-O h6 16. Bf4 Kh8 17. c5 Rg8 18. Bb5 Qd8 19. Rac1 Ne8 20. e4 dxe4 21. Nxe4
Ndf6 22. Nxf6 Nxf6 23. Rfd1 Nd5 24. Be5 Bd7 25. Bxg7+ Kxg7 26. Ne5 Be8 27. Bxe8
Rxe8 28. Qxb7 Re7 29. Qb3 Qc7 30. Rb1 f6 31. Nc4 Nb4 32. Nxa5 Qxa5 33. Qxb4 1-0

[Event "Frankfurt Ch 2013"]
[Site "Ffm-Kalbach, LAZ"]
[Date "2013.05.06"]
[Round "2.33"]
[White "Gräbner, Walter"]
[Black "Günther, Rainer"]
[Result "1-0"]
[WhiteElo "1956"]
[BlackElo "1573"]
[PlyCount "79"]
[EventDate "2013.??.??"]
[WhiteTeam "SC 1961 König Nied"]
[BlackTeam "SV Mainz-Mombach"]

1. d4 Nf6 2. c4 e6 3. Nf3 d5 4. e3 Be7 5. Nc3 Nbd7 6. Qc2 h6 7. Bd3 dxc4 8.
Bxc4 c6 9. O-O O-O 10. Bd2 Qc7 11. Rac1 a6 12. Rfd1 Nd5 13. Bxd5 exd5 14. Nxd5
Qd6 15. Nxe7+ Qxe7 16. h3 Re8 17. Ba5 Nf6 18. Bb6 Be6 19. Bc5 Qd7 20. Ne5 Qc8
21. e4 Nd7 22. Nxd7 Qxd7 23. f3 Rac8 24. b3 f5 25. Qd3 Qf7 26. d5 cxd5 27. exd5
Bd7 28. a4 b5 29. a5 f4 30. Bb6 Bf5 31. Qd2 Qg6 32. Rxc8 Rxc8 33. Qxf4 Bxh3 34.
g4 Rc2 35. Bf2 h5 36. Qg3 hxg4 37. d6 Rc3 38. d7 Rxf3 39. d8=Q+ Kh7 40. Qgh4+
1-0

[Event "Frankfurt Ch 2013"]
[Site "Ffm-Kalbach, LAZ"]
[Date "2013.05.06"]
[Round "2.34"]
[White "Mehl, Ulrich"]
[Black "Kuhn, Gerhard"]
[Result "0-1"]
[WhiteElo "1589"]
[BlackElo "1943"]
[PlyCount "68"]
[EventDate "2013.??.??"]
[WhiteTeam "TSG Nieder-Erlenbach 1888"]
[BlackTeam "SK Marburg 1931/72"]

1. d4 Nf6 2. c4 g6 3. Nc3 d5 4. Bf4 Bg7 5. e3 O-O 6. Nf3 c5 7. Be2 cxd4 8. exd4
Nc6 9. O-O dxc4 10. Bxc4 Bg4 11. h3 Bxf3 12. Qxf3 Qxd4 13. Bb3 Qb4 14. Be3 e6
15. Rfd1 h6 16. Rd2 Rad8 17. Rad1 Rxd2 18. Rxd2 a5 19. Rc2 e5 20. Nd5 Nxd5 21.
Bxd5 Nd4 22. Bxd4 exd4 23. g3 Qd6 24. Bc4 b6 25. b3 h5 26. a4 Qd7 27. Bb5 Qxh3
28. Qb7 Qf5 29. Rc7 h4 30. Bc4 hxg3 31. Rxf7 gxf2+ 32. Kf1 Rxf7 33. Qa8+ Kh7
34. Qh1+ Bh6 0-1

[Event "Frankfurt Ch 2013"]
[Site "Ffm-Kalbach, LAZ"]
[Date "2013.05.06"]
[Round "2.35"]
[White "Stulken, Dietmar"]
[Black "Zimmer, Gerald"]
[Result "0-1"]
[WhiteElo "1427"]
[BlackElo "1882"]
[PlyCount "58"]
[EventDate "2013.??.??"]
[WhiteTeam "Sfr. Frankfurt 1921"]
[BlackTeam "SC Bergen-Enkheim 1922"]

1. e4 e6 2. d4 d5 3. exd5 exd5 4. Bd3 Nc6 5. c3 Bd6 6. Nf3 Bg4 7. O-O Nge7 8.
h3 Bh5 9. Re1 Qd7 10. b4 O-O 11. Bxh7+ Kxh7 12. Ng5+ Kg6 13. Qd3+ Qf5 14. Qxf5+
Kxf5 15. g4+ Bxg4 16. hxg4+ Kxg4 17. Kg2 Ng6 18. f3+ Kf5 19. Nh3 Rae8 20. Rxe8
Rxe8 21. Kf2 Rh8 22. Ng1 Rh2+ 23. Kf1 Bf4 24. Bxf4 Kxf4 25. Ne2+ Ke3 26. Ng1
Nf4 27. Na3 Nd3 28. Re1+ Nxe1 29. Kxe1 Rxa2 0-1

[Event "Frankfurt Ch 2013"]
[Site "Ffm-Kalbach, LAZ"]
[Date "2013.05.06"]
[Round "2.36"]
[White "Jähnert, Wolfgang"]
[Black "Fußnecker, Manfred"]
[Result "0-1"]
[WhiteElo "1551"]
[BlackElo "1868"]
[PlyCount "90"]
[EventDate "2013.??.??"]
[WhiteTeam "Bad Vilbeler Sfr.1985"]
[BlackTeam "Sfr. Frankfurt 1921"]

1. d4 Nf6 2. Nf3 e6 3. g3 c5 4. Bg2 Nc6 5. c3 d5 6. O-O Bd6 7. Bg5 h6 8. Bxf6
Qxf6 9. e3 O-O 10. Nbd2 Qg6 11. dxc5 Bxc5 12. Nb3 Be7 13. Nfd4 Ne5 14. Qc2 Qxc2
15. Nxc2 Nc4 16. Rab1 Bd7 17. Rfd1 Ba4 18. Nbd4 Nb6 19. Rbc1 Rfd8 20. Bf1 Bf6
21. Nb3 Rac8 22. Be2 Nd7 23. Kg2 Nc5 24. Nxc5 Rxc5 25. Rd2 e5 26. b3 Bc6 27.
Nb4 d4+ 28. Nxc6 Rxc6 29. c4 e4 30. h4 d3 31. Bf1 Be7 32. Kh3 Bb4 33. Rdd1 f5
34. Bg2 g5 35. g4 Ra6 36. a4 fxg4+ 37. Kxg4 Re6 38. hxg5 hxg5 39. f3 exf3 40.
Bxf3 Rxe3 41. Bd5+ Kg7 42. Rf1 d2 43. Rcd1 Re1 44. Kxg5 Rf8 45. Bg2 Rfxf1 0-1

[Event "Frankfurt Ch 2013"]
[Site "Ffm-Kalbach, LAZ"]
[Date "2013.05.06"]
[Round "2.37"]
[White "Paaßen, Klaus"]
[Black "Lebermann, Hellmuth"]
[Result "0-1"]
[WhiteElo "1439"]
[BlackElo "1858"]
[PlyCount "86"]
[EventDate "2013.??.??"]
[WhiteTeam "SV 1926 Fechenheim"]
[BlackTeam "SK Bad Homburg 1927"]

1. d4 Nf6 2. c4 g6 3. Nc3 d5 4. e3 Bg7 5. Nf3 O-O 6. Be2 c6 7. O-O h6 8. b3
dxc4 9. Bxc4 c5 10. Ba3 cxd4 11. Nxd4 Nbd7 12. Nd5 Nxd5 13. Bxd5 Qa5 14. Bxe7
Qxd5 15. Bxf8 Nxf8 16. Rc1 Bd7 17. Nf3 Qa5 18. Qd2 Qh5 19. Nd4 Rd8 20. Qb4 Bxd4
21. Qxd4 Qg5 22. Qc5 Qxc5 23. Rxc5 Bc6 24. Rc2 Ne6 25. b4 Rd5 26. Rfc1 Kg7 27.
a3 a6 28. Kf1 Re5 29. Kg1 Rg5 30. g3 Rb5 31. h4 g5 32. hxg5 Rxg5 33. Rc4 Bf3
34. Rh4 Rd5 35. Kf1 Rd2 36. a4 Rb2 37. Ke1 h5 38. Rhc4 Re2+ 39. Kf1 Ra2 40.
R4c2 Rxa4 41. Rb2 Bc6 42. Kg1 Ra3 43. Rc4 Ra1+ 0-1

[Event "Frankfurt Ch 2013"]
[Site "Ffm-Kalbach, LAZ"]
[Date "2013.05.06"]
[Round "2.38"]
[White "Goldt, Rainer"]
[Black "Staeger, Tim"]
[Result "1-0"]
[WhiteElo "1818"]
[BlackElo "1563"]
[PlyCount "47"]
[EventDate "2013.??.??"]
[WhiteTeam "Kreuznacher SV 1921"]
[BlackTeam "Sfr. Frankfurt 1921"]

1. e4 c5 2. Nc3 Nc6 3. g3 e6 4. Bg2 Nf6 5. f4 d6 6. Nf3 Be7 7. O-O O-O 8. d3
Rb8 9. Kh1 b5 10. e5 dxe5 11. fxe5 Nd7 12. Bf4 Qc7 13. Qe2 Nd4 14. Nxd4 cxd4
15. Nd1 g5 16. Qg4 Kh8 17. Bxg5 Nxe5 18. Bf4 Bb7 19. Qh5 Bxg2+ 20. Kxg2 Bd6 21.
Nf2 Qc6+ 22. Ne4 f5 23. Kg1 Nf7 24. Nf6 1-0

[Event "Frankfurt Ch 2013"]
[Site "Ffm-Kalbach, LAZ"]
[Date "2013.05.06"]
[Round "2.40"]
[White "Cichon, Jörg"]
[Black "Honert, Stefan"]
[Result "1-0"]
[WhiteElo "1727"]
[BlackElo "1304"]
[PlyCount "87"]
[EventDate "2013.??.??"]
[WhiteTeam "SC Zitadelle Spandau 1977"]
[BlackTeam "Sfr. Frankfurt 1921"]

1. e4 e6 2. Qe2 Be7 3. g3 d5 4. d3 c5 5. Bg2 Nc6 6. Nf3 Nf6 7. O-O O-O 8. Nbd2
Qc7 9. c3 b6 10. e5 Nd7 11. d4 cxd4 12. cxd4 Nb4 13. Nb3 Ba6 14. Qd1 Bxf1 15.
Bxf1 f6 16. Bf4 Qb7 17. Qe2 f5 18. Bg5 Rfe8 19. a3 Nc6 20. Rc1 Nf8 21. Qb5 Qd7
22. Qxc6 Qd8 23. Bxe7 Qxe7 24. Ba6 Rad8 25. Qc2 Qd7 26. Qd3 Re7 27. Nfd2 g5 28.
Qe2 g4 29. Nb1 Rg7 30. Nc3 Qf7 31. f4 gxf3 32. Qxf3 h5 33. Ne2 Nh7 34. Nf4 h4
35. Qh5 Qe7 36. Ng6 Qe8 37. Nf4 Qe7 38. Ng6 Qe8 39. Nf4 Qe7 40. Kf2 Rg4 41. Be2
hxg3+ 42. hxg3 Rg5 43. Qh6 Rg7 44. Qxe6+ 1-0

[Event "Frankfurt Ch 2013"]
[Site "Ffm-Kalbach, LAZ"]
[Date "2013.05.06"]
[Round "2.41"]
[White "Muthig, Holger"]
[Black "Lieder, Konrad"]
[Result "0-1"]
[WhiteElo "1603"]
[BlackElo "2156"]
[PlyCount "56"]
[EventDate "2013.??.??"]
[WhiteTeam "Sfr. Frankfurt 1921"]
[BlackTeam "SV Sangerhausen"]

1. d4 d5 2. c4 c6 3. Nc3 Nf6 4. e3 Nbd7 5. Nf3 e6 6. Bd3 Bd6 7. O-O O-O 8. Bd2
a6 9. cxd5 cxd5 10. Qb3 b5 11. Rfc1 Bb7 12. Qd1 Ne4 13. Ne2 f5 14. Nf4 Qf6 15.
h4 g6 16. g3 h6 17. Bc3 g5 18. Nh5 Qg6 19. Ne5 Nxe5 20. dxe5 Nxc3 21. Rxc3 Bxe5
22. Rc2 Bd6 23. Rac1 e5 24. g4 gxh4 25. Kf1 Qxg4 26. Qxg4+ fxg4 27. Kg1 Kh8 28.
Be2 Rf5 0-1

[Event "Frankfurt Ch 2013"]
[Site "Ffm-Kalbach, LAZ"]
[Date "2013.05.06"]
[Round "2.42"]
[White "Penzel, Nils"]
[Black "Reichel, Rolf"]
[Result "1-0"]
[WhiteElo "2062"]
[BlackElo "1580"]
[PlyCount "49"]
[EventDate "2013.??.??"]
[WhiteTeam "SSG Rödermark/Eppertshausen"]
[BlackTeam "Sfr. Frankfurt 1921"]

1. d4 d5 2. Nf3 c6 3. c4 Nf6 4. Qc2 g6 5. g3 Bf5 6. Qb3 Qb6 7. Nc3 Qxb3 8. axb3
Bc2 9. cxd5 cxd5 10. Nb5 Na6 11. Rxa6 bxa6 12. Nc7+ Kd7 13. Nxa8 e6 14. Ne5+
Kc8 15. Bh3 Bb4+ 16. Bd2 Bxd2+ 17. Kxd2 Bxb3 18. Nxf7 Rf8 19. f3 Kb7 20. Bxe6
Kxa8 21. Rc1 Re8 22. Nd6 Rd8 23. Rc6 Ne8 24. Nxe8 Rxe8 25. Rd6 1-0

[Event "Frankfurt Ch 2013"]
[Site "Ffm-Kalbach, LAZ"]
[Date "2013.05.06"]
[Round "2.43"]
[White "Bergner, Matthias"]
[Black "Ostermeier, Thorsten"]
[Result "0-1"]
[WhiteElo "1574"]
[BlackElo "1931"]
[PlyCount "30"]
[EventDate "2013.??.??"]
[WhiteTeam "SV 1926 Neu-Isenburg"]
[BlackTeam "Sfr. Frankfurt 1921"]

1. d4 d5 2. e3 Nf6 3. Nf3 e6 4. c4 c6 5. Nc3 Bd6 6. Bd2 Nbd7 7. c5 Bc7 8. b4
O-O 9. Bd3 e5 10. dxe5 Nxe5 11. Nxe5 Bxe5 12. O-O d4 13. Ne4 dxe3 14. Nxf6+
Bxf6 15. Bxe3 Bxa1 0-1

[Event "Frankfurt Ch 2013"]
[Site "Ffm-Kalbach, LAZ"]
[Date "2013.05.06"]
[Round "2.44"]
[White "Kolker, Vladislav"]
[Black "Steiz, Johann"]
[Result "1-0"]
[WhiteElo "1926"]
[BlackElo "1603"]
[PlyCount "91"]
[EventDate "2013.??.??"]
[WhiteTeam "SC Bad Nauheim"]
[BlackTeam "ESV Grossenbaum 1973"]

1. e4 c5 2. Nf3 Nc6 3. d4 cxd4 4. Nxd4 Nf6 5. Nc3 e5 6. Ndb5 d6 7. Bg5 a6 8.
Na3 Be6 9. Nc4 Rc8 10. Ne3 Be7 11. Bxf6 Bxf6 12. Bc4 Bg5 13. Ncd5 O-O 14. Bb3
Nd4 15. O-O Bxe3 16. Nxe3 Bxb3 17. axb3 Qd7 18. c3 Ne6 19. Ra5 Nc5 20. b4 Nxe4
21. Rxe5 Qc6 22. Rd5 Rfd8 23. Nf5 Re8 24. Qd4 Nf6 25. Rxd6 Qe4 26. Qxe4 Nxe4
27. Rd7 Rcd8 28. Rxd8 Rxd8 29. Nd4 g6 30. Re1 Nd6 31. f3 Kf8 32. Kf2 Nc4 33. b3
Nd6 34. Re5 Rd7 35. Ke2 Kg7 36. b5 axb5 37. Nxb5 Nxb5 38. Rxb5 f6 39. c4 Kf7
40. Rd5 Re7+ 41. Kd2 f5 42. b4 Ke6 43. Kc3 h6 44. Rd2 Rc7 45. c5 b6 46. Rd6+
1-0

[Event "Frankfurt Ch 2013"]
[Site "Ffm-Kalbach, LAZ"]
[Date "2013.05.06"]
[Round "2.45"]
[White "Mußler, Thomas"]
[Black "Zerhusen, Martin"]
[Result "1-0"]
[WhiteElo "1894"]
[BlackElo "1568"]
[PlyCount "65"]
[EventDate "2013.??.??"]
[WhiteTeam "SC Flörsheim 1921"]
[BlackTeam "SV Oberursel"]

1. e4 c6 2. d4 d5 3. Nc3 e6 4. Nf3 Nf6 5. e5 Nfd7 6. Ne2 c5 7. c3 Nc6 8. a3 a6
9. Nf4 b5 10. Bd3 cxd4 11. cxd4 Bb7 12. O-O Be7 13. Bc2 Qb6 14. Be3 O-O-O 15.
Ne2 h6 16. b4 Kb8 17. Rb1 Rc8 18. Ne1 Qa7 19. Nd3 Nb6 20. Bb3 Nc4 21. Bxc4 bxc4
22. Nc5 Bxc5 23. dxc5 Kc7 24. Nd4 Qa8 25. f4 Nxd4 26. Bxd4 g6 27. a4 Rb8 28. b5
Bc8 29. Qd2 h5 30. Qa5+ Kd7 31. c6+ Ke8 32. Qc7 Kf8 33. b6 1-0

[Event "Frankfurt Ch 2013"]
[Site "Ffm-Kalbach, LAZ"]
[Date "2013.05.06"]
[Round "2.46"]
[White "Kretner, Georg-Ulrich"]
[Black "Willenbring, Jens-Dirk"]
[Result "1-0"]
[WhiteElo "1796"]
[BlackElo "1551"]
[PlyCount "177"]
[EventDate "2013.??.??"]
[WhiteTeam "SC Bad Nauheim"]
[BlackTeam "Bad Vilbeler Sfr.1985"]

1. d4 d5 2. c4 Nf6 3. Nf3 e6 4. Bg5 Be7 5. Nc3 O-O 6. Qc2 Ne8 7. Bxe7 Qxe7 8.
cxd5 exd5 9. Nxd5 Qd6 10. Nc3 Nc6 11. e3 a6 12. Be2 Nf6 13. O-O Bg4 14. a3 Rfe8
15. Rad1 Ne7 16. e4 Qf4 17. Qd2 Qxd2 18. Rxd2 c6 19. Bc4 Bxf3 20. gxf3 Rad8 21.
Rfd1 Ng6 22. d5 Ne5 23. Be2 cxd5 24. Nxd5 Nxd5 25. Rxd5 Rxd5 26. Rxd5 Nc6 27.
Rd7 b5 28. Rd6 Rc8 29. f4 f6 30. Bg4 Rc7 31. Be6+ Kf8 32. Bd5 Nd4 33. Rxa6 Ne2+
34. Kg2 Nxf4+ 35. Kf3 Nxd5 36. exd5 Rb7 37. Ke4 Ke7 38. Kd4 Kd7 39. Rc6 f5 40.
Kc5 g5 41. Rd6+ Kc8 42. Rf6 Re7 43. Rxf5 Re2 44. b4 Ra2 45. Kxb5 Rxa3 46. Rf8+
Kd7 47. Rf7+ Kd6 48. Rxh7 Kxd5 49. Rh5 Rf3 50. Rxg5+ Kd6 51. Rg2 Rf5+ 52. Ka6
Kc6 53. h4 Rf4 54. b5+ Kc7 55. b6+ Kc6 56. Rg6+ Kc5 57. Rg5+ Kc6 58. b7 Ra4+
59. Ra5 Rb4 60. Ra3 Rb6+ 61. Ka5 Rxb7 62. Rc3+ Kd6 63. Rf3 Kc5 64. Rf5+ Kd4 65.
f3 Ke3 66. h5 Rh7 67. Kb5 Kf2 68. Kc5 Kg3 69. Kd5 Rh6 70. Ke5 Ra6 71. f4 Kh4
72. Rg5 Ra5+ 73. Kf6 Ra6+ 74. Kf5 Ra5+ 75. Kf6 Ra6+ 76. Kg7 Ra7+ 77. Kh6 Ra6+
78. Rg6 Ra5 79. Rg1 Rxh5+ 80. Kg6 Ra5 81. f5 Ra8 82. Rh1+ Kg4 83. f6 Ra6 84.
Kg7 Kf5 85. Rf1+ Kg5 86. f7 Rg6+ 87. Kf8 Re6 88. Rg1+ Kf6 89. Kg8 1-0

[Event "Frankfurt Ch 2013"]
[Site "Ffm-Kalbach, LAZ"]
[Date "2013.05.06"]
[Round "2.47"]
[White "Lanz, Jürgen"]
[Black "Rutsatz, Mario"]
[Result "0-1"]
[WhiteElo "1549"]
[BlackElo "1788"]
[PlyCount "78"]
[EventDate "2013.??.??"]
[WhiteTeam "SC 1979 Hattersheim"]
[BlackTeam "Sfr. Frankfurt 1921"]

1. d4 Nf6 2. c4 g6 3. Nc3 d5 4. cxd5 Nxd5 5. e4 Nxc3 6. bxc3 c5 7. Bc4 Bg7 8.
Ne2 O-O 9. O-O Nc6 10. Be3 Na5 11. Bd3 b6 12. Qd2 Bb7 13. Rfd1 Qc7 14. Bh6 e6
15. Bxg7 Kxg7 16. Qf4 Qxf4 17. Nxf4 cxd4 18. cxd4 Rfd8 19. Ne2 Rac8 20. Rac1
Nc6 21. Rc4 Ba6 22. Rxc6 Bxd3 23. Rxc8 Rxc8 24. Rc1 Rxc1+ 25. Nxc1 Bxe4 26. f3
Bd5 27. Kf2 Kf6 28. Ke3 a5 29. a3 Ke7 30. Nd3 f6 31. g4 g5 32. Nf2 b5 33. Nd3
Kd6 34. f4 h6 35. h3 Bc4 36. Nc5 Bd5 37. fxg5 hxg5 38. Nd3 Bg2 39. Nf2 Kd5 0-1

[Event "Frankfurt Ch 2013"]
[Site "Ffm-Kalbach, LAZ"]
[Date "2013.05.06"]
[Round "2.49"]
[White "Heun, Andreas"]
[Black "Schneider, Marco"]
[Result "0-1"]
[WhiteElo "1519"]
[BlackElo "1778"]
[PlyCount "52"]
[EventDate "2013.??.??"]
[WhiteTeam "SC Ladja Roßdorf"]
[BlackTeam "SC Nidderau"]

1. e4 g6 2. Nc3 Bg7 3. f4 d6 4. Nf3 e6 5. Bb5+ Nd7 6. O-O Ne7 7. Qe1 a6 8. Bc4
b5 9. Bb3 Bb7 10. d3 O-O 11. Qh4 d5 12. Ng5 h6 13. Nf3 b4 14. f5 bxc3 15. Bxh6
Nxf5 16. Qxd8 Raxd8 17. Bg5 dxe4 18. dxe4 Bxe4 19. Bxd8 cxb2 20. Rae1 Bxf3 21.
Rxf3 Rxd8 22. Rd3 Nd6 23. c4 Nc5 24. Rdd1 Rb8 25. Bc2 Nxc4 26. Bb1 Na3 0-1

[Event "Frankfurt Ch 2013"]
[Site "Ffm-Kalbach, LAZ"]
[Date "2013.05.06"]
[Round "2.50"]
[White "Klein, Markus"]
[Black "Richter, Wolfram"]
[Result "1-0"]
[WhiteElo "1771"]
[BlackElo "1519"]
[PlyCount "49"]
[EventDate "2013.??.??"]
[WhiteTeam "SC 1979 Hattersheim"]
[BlackTeam "SK Bad Sooden-Allendorf"]

1. d4 e6 2. c4 Nf6 3. Nc3 c5 4. d5 d6 5. g3 b5 6. dxe6 Bxe6 7. Bg2 Nbd7 8. Nxb5
Rb8 9. b3 Ne5 10. Nf3 Ng6 11. O-O a5 12. Ng5 Rb6 13. Nxe6 fxe6 14. Bd2 Rb8 15.
Qe1 d5 16. Bxa5 Qd7 17. Nc7+ Kf7 18. Bh3 Re8 19. cxd5 Nxd5 20. Nxe8 Qxe8 21.
Qd2 Be7 22. Rfd1 Nf6 23. Rac1 Qb5 24. Bc3 Nd5 25. Bxe6+ 1-0

[Event "Frankfurt Ch 2013"]
[Site "Ffm-Kalbach, LAZ"]
[Date "2013.05.06"]
[Round "2.51"]
[White "Kirschner, Matthias"]
[Black "Fischer, Ulrich"]
[Result "0-1"]
[WhiteElo "1517"]
[BlackElo "1770"]
[PlyCount "64"]
[EventDate "2013.??.??"]
[WhiteTeam "SV 1997 Nauheim"]
[BlackTeam "Frankfurter TV 1860"]

1. c4 c6 2. d3 d5 3. b3 e5 4. Nf3 Qc7 5. a3 Bg4 6. Nc3 d4 7. Ne4 Nd7 8. g3 Ngf6
9. Nfd2 Nxe4 10. Nxe4 f5 11. Nd2 Bd6 12. Bg2 Rd8 13. O-O O-O 14. Bb2 Nf6 15. b4
c5 16. bxc5 Bxc5 17. a4 Rfe8 18. Ba3 Bxa3 19. Rxa3 e4 20. f3 exf3 21. exf3 Bh5
22. Re1 Re3 23. Rxe3 dxe3 24. Nb1 Qxc4 25. Bf1 Qd4 26. Be2 Bxf3 27. Qb3+ Bd5
28. Qc3 Bc6 29. Qc4+ Kh8 30. Qe6 Qb4 31. Rb3 Qe1+ 32. Bf1 Qf2# 0-1

[Event "Frankfurt Ch 2013"]
[Site "Ffm-Kalbach, LAZ"]
[Date "2013.05.06"]
[Round "2.52"]
[White "Beck, Michael"]
[Black "Midanka, Vladimir"]
[Result "1-0"]
[WhiteElo "1760"]
[BlackElo "1509"]
[PlyCount "91"]
[EventDate "2013.??.??"]
[WhiteTeam "SC Flörsheim 1921"]
[BlackTeam "vereinslos"]

1. Nf3 c5 2. c4 Nf6 3. Nc3 e6 4. g3 Nc6 5. Bg2 Be7 6. O-O O-O 7. d4 cxd4 8.
Nxd4 Nxd4 9. Qxd4 a6 10. Rd1 Qc7 11. Bf4 Qc5 12. Qxc5 Bxc5 13. Bd6 Bxd6 14.
Rxd6 Ne8 15. Rd2 Rb8 16. a4 f5 17. f4 Kf7 18. e4 g6 19. e5 Ke7 20. Rad1 Nc7 21.
Kf2 Rd8 22. h4 h5 23. a5 b6 24. axb6 Rxb6 25. c5 Rb3 26. Bc6 Rxb2 27. Rxb2 dxc6
28. Rd6 Nb5 29. Nxb5 cxb5 30. Rxd8 Kxd8 31. Rd2+ Kc7 32. Rd6 a5 33. Ke3 a4 34.
Kd4 Bd7 35. Kc3 a3 36. Kb3 a2 37. Kxa2 Bc6 38. Kb3 Bd5+ 39. Kb4 Bc4 40. Rb6 Kc8
41. Rxb5 Bxb5 42. Kxb5 Kb7 43. c6+ Kb8 44. Kb6 Kc8 45. c7 g5 46. hxg5 1-0